| 000 | 00390nam a2200157Ia 4500 | ||
|---|---|---|---|
| 003 | OSt | ||
| 005 | 20230606105240.0 | ||
| 008 | 211028s2010 xx 000 0 und d | ||
| 040 | _cAIMIT LIBRARY | ||
| 041 | _aeng | ||
| 100 |
_aMythri, H K; Vijay, Suchetha. _98238 _e081915 |
||
| 110 |
_aSuchetha Vijay _98239 |
||
| 245 | _aAsset tracker. | ||
| 260 |
_aMangalore _c2010 |
||
| 942 |
_2ddc _cPRO |
||
| 999 |
_c219788 _d219788 |
||